000 03378nam a2200433 a 4500
001 ebr10680884
003 CaPaEBR
006 m u
007 cr cn|||||||||
008 100607s2010 nyua sb 001 0 eng d
010 _z 2010022698
020 _z9781617286735 (hardcover)
020 _z1617286737 (hardcover)
020 _z9781617288227 (e-book)
040 _aCaPaEBR
_cCaPaEBR
035 _a(OCoLC)793340948
043 _an-us---
050 1 4 _aJK468.I6
_bD46 2010eb
082 0 4 _a353.30973
_222
245 0 0 _aDepartment of Homeland Security Intelligence Enterprise
_h[electronic resource] :
_boverview and issues /
_cTerry M. O'Sullivan, editor.
260 _aNew York :
_bNova Science Publishers,
_cc2010.
300 _aix, 162 p. :
_bill. (some col.).
490 1 _aDefense, security and strategies
500 _aTestimonies originally delivered before the U.S. House of Representatives Subcommittee on Intelligence, Information Sharing and Terrorism Risk Assessment.
504 _aIncludes bibliographical references and index.
505 0 _aThe Department of Homeland Security Intelligence Enterprise : operational overview and oversight challenges for Congress / Mark A. Randol -- Homeland security intelligence : perceptions, statutory definitions, and approaches / Mark A. Randol -- Statement of Chair Jane Harman (D-CA) -- Testimony of Joan T. McNamara, Assistant Commanding Officer, Counter Terrorism and Criminal Intelligence Bureau, Los Angeles Police Department -- Testimony of Douglas C. Gillespie, Sheriff, on behalf of Major Cities Chiefs Association, Major County Sheriffs Association and Las Vegas Metropolitan Police Department -- Statement of John W. Gaissert, Chief of Police, Commerce Police Department, Commerce, Georgia -- Statement of Gary L. Edwards, Chief Executive Officer, National Native American Law Enforcement Association (NNALEA) -- Testimony of Kate Martin, Director, Center for National Security Studies -- Statement of Gregory T. Nojeim, Director, Project on Freedom, Security & Technology, Center for Democracy & Technology -- Statement of Caroline Fredrickson, Director, American Civil Liberties Union Washington Legislative Office -- Statement of Charles E. Allen, Under Secretary for Intelligence and Analysis, Chief Intelligence Officer, Department of Homeland Security.
533 _aElectronic reproduction.
_bPalo Alto, Calif. :
_cebrary,
_d2013.
_nAvailable via World Wide Web.
_nAccess may be limited to ebrary affiliated libraries.
610 1 0 _aUnited States.
_bDepartment of Homeland Security.
_bOffice of Intelligence and Analysis
_xEvaluation.
610 1 0 _aUnited States.
_bDepartment of Homeland Security
_xInformation resources management.
650 0 _aIntelligence service
_zUnited States
_xManagement.
650 0 _aTerrorism
_zUnited States
_xPrevention.
650 0 _aTerrorism
_xRisk assessment
_zUnited States
_xEvaluation.
655 7 _aElectronic books.
_2local
700 1 _aO'Sullivan, Terry M.
710 1 _aUnited States.
_bCongress.
_bHouse.
_bCommittee on Homeland Security.
_bSubcommittee on Intelligence, Information Sharing, and Terrorism Risk Assessment.
710 2 _aebrary, Inc.
830 0 _aDefense, security and strategy series.
856 4 0 _uhttp://site.ebrary.com/lib/rucke/Doc?id=10680884
_zAn electronic book accessible through the World Wide Web; click to view
999 _c156543
_d156543